[Event "22nd ETCC Women 2019"]
[Site "Batumi"]
[Date "2019.10.24"]
[Round "1.27"]
[White "Purgar, Ivona"]
[Black "Gara, Ticia"]
[Result "0-1"]
[WhiteElo "2205"]
[BlackElo "2322"]
[Annotator "NA"]
[PlyCount "92"]
[EventDate "2019.10.24"]
[EventType "team-tourn"]
[EventCountry "GEO"]
[SourceTitle "playchess.com"]
[Source "ChessBase"]
[SourceQuality "1"]
[WhiteTeam "Croatia"]
[BlackTeam "Hungary"]
[WhiteTeamCountry "CRO"]
[BlackTeamCountry "HUN"]
[TimeControl "40/5400+30:1800+30"]

1. e4 {[%emt 0:00:00]} e5 {[%emt 0:00:00]} 2. Nf3 {[%emt 0:00:00]} Nf6 {[%emt 0:00:00]} 3. Nxe5 {[%emt 0:00:14]} d6 {[%emt 0:00:00]} 4. Nf3 {[%emt 0:00:35]} Nxe4 {[%emt 0:00:17]} 5. d4 {[%emt 0:00:45]} d5 {[%emt 0:00:28]} 6. Bd3 {[%emt 0:01:50]} Bd6 {[%emt 0:00:06]} 7. O-O {[%emt 0:01:02]} O-O {[%emt 0:00:09]} 8. c4 {[%emt 0:02:02]} c6 {[%emt 0:00:21]} 9. Nc3 {[%emt 0:01:27]} Nxc3 $14 {[%emt 0:00:52]} 10. bxc3 {[%emt 0:00:04]} dxc4 {[%emt 0:00:24]} 11. Bxc4 {[%emt 0:04:22]} Bf5 {[%emt 0:01:20]} 12. Bd3 {[%emt 0:10:58]} Bxd3 {[%emt 0:01:31]} 13. Qxd3 {[%emt 0:00:04]} Nd7 {[%emt 0:01:20]} 14. c4 {[%emt 0:11:39]} Qf6 {[%emt 0:26:29]} 15. Rb1 {[%emt 0:09:38]} b6 {[%emt 0:02:07]} 16. Bg5 {[%emt 0:11:04]} Qg6 {[%emt 0:00:22]} 17. Qd2 {[%emt 0:00:38]} h6 {[%emt 0:16:51]} 18. Bh4 {[%emt 0:07:11]} Rfe8 {[%emt 0:08:07]} 19. Rfe1 {[%emt 0:04:15]} Nf6 {[%emt 0:03:42]} 20. Bxf6 {[%emt 0:16:10]} Qxf6 {[%emt 0:00:11]} 21. Re2 {[%emt 0:05:07]} Rxe2 {[%emt 0:07:20]} 22. Qxe2 {[%emt 0:00:05]} Qe6 {[%emt 0:04:07]} 23. Qc2 {[%emt 0:08:06]} Re8 {[%emt 0:09:10]} 24. Qc3 {[%emt 0:01:04]} Qf5 {[%emt 0:03:30]} 25. Re1 {[%emt 0:00:47]} Rxe1+ {[%emt 0:00:54]} 26. Nxe1 {[%emt 0:00:39]} Qb1 {[%emt 0:03:33]} 27. Qe3 {[%emt 0:00:21]} Bb4 {[%emt 0:01:23]} 28. Kf1 {[%emt 0:00:13]} Bxe1 {[%emt 0:02:43]} 29. Qxe1 {[%emt 0:00:04]} Qd3+ {[%emt 0:00:04]} 30. Qe2 {[%emt 0:00:22]} Qxd4 {[%emt 0:00:19]} 31. g3 {[%emt 0:01:59]} Kh7 {[%emt 0:00:48]} 32. Qc2+ {[%emt 0:00:31]} g6 {[%emt 0:00:19]} 33. h4 {[%emt 0:00:15]} h5 {[%emt 0:01:35]} 34. Qe2 {[%emt 0:01:04]} a6 {[%emt 0:01:56]} 35. Kg1 {[%emt 0:01:36]} b5 {[%emt 0:00:52]} 36. cxb5 {[%emt 0:00:27]} axb5 {[%emt 0:00:27]} 37. Kg2 {[%emt 0:00:51]} Qd5+ {[%emt 0:01:13]} 38. f3 {[%emt 0:00:29]} b4 {[%emt 0:01:02]} 39. Qc2 {[%emt 0:00:51]} c5 {[%emt 0:00:43]} 40. Kf2 {[%emt 0:00:00]} Qd4+ {[%emt 0:00:00]} 41. Ke2 {[%emt 0:02:38]} c4 {[%emt 0:03:38]} 42. Qb1 {[%emt 0:12:00]} c3 {[%emt 0:02:29]} 43. Qc2 {[%emt 0:00:16]} Kg7 {[%emt 0:11:43]} 44. Kf1 {[%emt 0:09:11]} Qe3 {[%emt 0:01:01]} 45. Qd1 {[%emt 0:00:29]} c2 {[%emt 0:01:46]} 46. Qxc2 {[%emt 0:00:16]} Qxf3+ {[%emt 0:00:04]} 0-1

[Event "22nd ETCC Women 2019"]
[Site "Batumi"]
[Date "2019.10.24"]
[Round "1.28"]
[White "Terbe, Julianna"]
[Black "Cvitan, Ena"]
[Result "0-1"]
[WhiteElo "2280"]
[BlackElo "2182"]
[Annotator "NA"]
[PlyCount "68"]
[EventDate "2019.10.24"]
[EventType "team-tourn"]
[EventCountry "GEO"]
[SourceTitle "playchess.com"]
[Source "ChessBase"]
[SourceQuality "1"]
[WhiteTeam "Hungary"]
[BlackTeam "Croatia"]
[WhiteTeamCountry "HUN"]
[BlackTeamCountry "CRO"]
[TimeControl "40/5400+30:1800+30"]

1. Nf3 {[%emt 0:00:00]} Nf6 {[%emt 0:00:00]} 2. g3 {[%emt 0:00:00]} b5 {[%emt 0:00:24]} 3. Bg2 {[%emt 0:00:00]} Bb7 {[%emt 0:00:07]} 4. Na3 {[%emt 0:00:00]} a6 {[%emt 0:04:03]} 5. c4 {[%emt 0:00:33]} e5 {[%emt 0:00:15]} 6. O-O {[%emt 0:00:07]} Bxa3 {[%emt 0:04:21]} 7. bxa3 {[%emt 0:00:05]} d6 {[%emt 0:00:22]} 8. d4 {[%emt 0:02:04]} Nbd7 {[%emt 0:17:16]} 9. dxe5 {[%emt 0:19:18]} dxe5 {[%emt 0:00:25]} 10. Bb2 {[%emt 0:04:13]} Qe7 {[%emt 0:11:40]} 11. cxb5 {[%emt 0:06:28]} axb5 {[%emt 0:00:43]} 12. Rc1 {[%emt 0:00:06]} Rc8 {[%emt 0:09:03]} 13. Nh4 {[%emt 0:06:40]} Bxg2 {[%emt 0:02:13]} 14. Nf5 {[%emt 0:01:09]} Qd8 {[%emt 0:01:51]} 15. Kxg2 {[%emt 0:00:41]} O-O {[%emt 0:07:56]} 16. Rc6 {[%emt 0:04:57]} g6 {[%emt 0:13:24]} 17. Nh6+ {[%emt 0:05:43]} Kg7 {[%emt 0:00:57]} 18. Qc1 {[%emt 0:00:14]} Ne8 {[%emt 0:08:37]} 19. h4 {[%emt 0:17:53]} Nd6 {[%emt 0:01:21]} 20. Ng4 {[%emt 0:04:07]} f6 {[%emt 0:00:18]} 21. Rd1 {[%emt 0:03:41]} Nb8 {[%emt 0:06:44]} 22. Rc5 {[%emt 0:01:44]} Qe7 {[%emt 0:01:22]} 23. Nxe5 {[%emt 0:08:33]} Nc4 {[%emt 0:00:13]} 24. Rxc4 {[%emt 0:05:26]} bxc4 {[%emt 0:00:06]} 25. Ng4 {[%emt 0:00:33]} Qe4+ {[%emt 0:03:07]} 26. Kh3 {[%emt 0:00:17]} Qe6 {[%emt 0:00:19]} 27. Qh6+ {[%emt 0:00:52]} Kg8 {[%emt 0:00:53]} 28. h5 {[%emt 0:01:14]} Rf7 {[%emt 0:01:03]} 29. hxg6 {[%emt 0:02:44]} hxg6 {[%emt 0:01:24]} 30. Qf4 {[%emt 0:01:01]} g5 {[%emt 0:01:29]} 31. Qf3 {[%emt 0:00:26]} f5 {[%emt 0:00:46]} 32. Qc3 {[%emt 0:02:36]} fxg4+ {[%emt 0:00:28]} 33. Kg2 {[%emt 0:00:06]} Qe4+ {[%emt 0:01:25]} 34. f3 {[%emt 0:00:58]} Qxe2+ {[%emt 0:00:11]} 0-1

[Event "22nd ETCC Women 2019"]
[Site "Batumi"]
[Date "2019.10.24"]
[Round "1.28"]
[White "Donghvani, Nia"]
[Black "Motycakova, Monika"]
[Result "1-0"]
[WhiteElo "1903"]
[BlackElo "2126"]
[Annotator "NA"]
[PlyCount "75"]
[EventDate "2019.10.24"]
[EventType "team-tourn"]
[EventCountry "GEO"]
[SourceTitle "playchess.com"]
[Source "ChessBase"]
[SourceQuality "1"]
[WhiteTeam "Georgia"]
[BlackTeam "Slovakia"]
[WhiteTeamCountry "GEO"]
[BlackTeamCountry "SVK"]
[TimeControl "40/5400+30:1800+30"]

1. e4 {[%emt 0:00:00]} e5 {[%emt 0:00:00]} 2. Nf3 {[%emt 0:00:00]} Nc6 {[%emt 0:00:00]} 3. Bc4 {[%emt 0:00:16]} Bc5 {[%emt 0:00:20]} 4. O-O {[%emt 0:00:40]} Nf6 {[%emt 0:00:47]} 5. d3 {[%emt 0:00:09]} O-O {[%emt 0:01:26]} 6. c3 {[%emt 0:00:16]} d6 {[%emt 0:02:09]} 7. Bg5 {[%emt 0:01:05]} h6 {[%emt 0:00:19]} 8. Bh4 {[%emt 0:00:34]} g5 {[%emt 0:06:06] [#]} 9. Nxg5 $1 {[%emt 0:04:10]} hxg5 {[%emt 0:01:12]} 10. Bxg5 {[%emt 0:01:58]} Kg7 {[%emt 0:03:14]} 11. Qf3 $11 {[%emt 0:00:16]} Be6 {[%emt 0:34:00]} 12. Nd2 {[%emt 0:00:29]} Qe7 {[%emt 0:08:38]} 13. Bd5 {[%emt 0:03:01]} Rh8 {[%emt 0:05:19]} 14. d4 {[%emt 0:07:53]} Bb6 {[%emt 0:02:08]} 15. h4 {[%emt 0:03:26]} Rag8 {[%emt 0:02:43]} 16. Rfe1 {[%emt 0:03:31]} Nd8 {[%emt 0:02:39]} 17. Nc4 {[%emt 0:26:36]} c6 {[%emt 0:04:44]} 18. Nxd6 {[%emt 0:04:43]} Bg4 {[%emt 0:17:27]} 19. Nf5+ {[%emt 0:24:11]} Bxf5 {[%emt 0:01:01]} 20. Qxf5 {[%emt 0:00:02]} cxd5 {[%emt 0:02:42]} 21. dxe5 {[%emt 0:14:21]} Bxf2+ {[%emt 0:02:31]} 22. Qxf2 {[%emt 0:02:44]} Qxe5 {[%emt 0:00:06]} 23. exd5 {[%emt 0:00:05]} Ne4 {[%emt 0:01:21]} 24. Rxe4 {[%emt 0:00:47]} Qxe4 {[%emt 0:00:04]} 25. Qf6+ {[%emt 0:00:03]} Kf8 {[%emt 0:00:17]} 26. Qxd8+ {[%emt 0:00:07]} Kg7 {[%emt 0:00:32]} 27. Qf6+ {[%emt 0:00:41]} Kf8 {[%emt 0:00:04]} 28. Rf1 {[%emt 0:01:01]} Rh7 {[%emt 0:00:50]} 29. Qd8+ {[%emt 0:00:29]} Qe8 {[%emt 0:00:25]} 30. Qd6+ {[%emt 0:00:18]} Kg7 {[%emt 0:00:09]} 31. Bf6+ {[%emt 0:00:46]} Kh6 {[%emt 0:00:14]} 32. Qf4+ {[%emt 0:00:14]} Kh5 {[%emt 0:00:08]} 33. Qf5+ {[%emt 0:00:04]} Kh6 {[%emt 0:00:19]} 34. Qf4+ {[%emt 0:01:26]} Kh5 {[%emt 0:00:05]} 35. Be5 {[%emt 0:00:37]} Qd7 {[%emt 0:01:59]} 36. Qe4 {[%emt 0:00:23]} Kh6 {[%emt 0:00:59]} 37. Rf6+ {[%emt 0:00:27]} Rg6 {[%emt 0:00:32]} 38. Qf4+ {[%emt 0:00:10]} 1-0

[Event "22nd ETCC Women 2019"]
[Site "Batumi"]
[Date "2019.10.24"]
[Round "1.29"]
[White "Peptan, Corina-Isabela"]
[Black "Houska, Jovanka"]
[Result "1-0"]
[WhiteElo "2371"]
[BlackElo "2430"]
[Annotator "NA"]
[PlyCount "102"]
[EventDate "2019.10.24"]
[EventType "team-tourn"]
[EventCountry "GEO"]
[SourceTitle "playchess.com"]
[Source "ChessBase"]
[SourceQuality "1"]
[WhiteTeam "Romania"]
[BlackTeam "England"]
[WhiteTeamCountry "ROU"]
[BlackTeamCountry "ENG"]
[TimeControl "40/5400+30:1800+30"]

1. d4 {[%emt 0:00:00]} d5 {[%emt 0:00:00]} 2. c4 {[%emt 0:00:00]} e6 {[%emt 0:00:00]} 3. Nf3 {[%emt 0:00:10]} Nf6 {[%emt 0:00:04]} 4. Nc3 {[%emt 0:00:28]} Be7 {[%emt 0:00:23]} 5. Bf4 {[%emt 0:00:20]} O-O {[%emt 0:00:53]} 6. e3 {[%emt 0:00:35]} b6 {[%emt 0:00:17]} 7. cxd5 {[%emt 0:05:03]} Nxd5 {[%emt 0:00:07]} 8. Bg3 {[%emt 0:01:18]} c5 {[%emt 0:07:58]} 9. Be2 {[%emt 0:25:37]} cxd4 {[%emt 0:11:13]} 10. Nxd4 {[%emt 0:05:25]} Nxc3 {[%emt 0:04:31]} 11. bxc3 {[%emt 0:00:04]} Bb7 {[%emt 0:00:05]} 12. O-O {[%emt 0:00:34]} Nc6 {[%emt 0:09:37]} 13. Qa4 {[%emt 0:14:17]} Nxd4 {[%emt 0:26:18]} 14. cxd4 {[%emt 0:00:13]} Bd6 {[%emt 0:00:27]} 15. Rfc1 {[%emt 0:05:11]} a6 {[%emt 0:01:35]} 16. Rc3 {[%emt 0:00:59]} b5 {[%emt 0:06:27]} 17. Qc2 {[%emt 0:00:31]} Bb4 {[%emt 0:01:10]} 18. Rc7 {[%emt 0:03:21]} Rc8 {[%emt 0:01:04]} 19. a4 {[%emt 0:05:09]} Rxc7 {[%emt 0:03:52]} 20. Bxc7 {[%emt 0:05:21]} Qg5 {[%emt 0:00:23]} 21. Bf1 {[%emt 0:00:57]} bxa4 {[%emt 0:06:50]} 22. Qxa4 {[%emt 0:00:50]} Be7 {[%emt 0:02:57]} 23. Qd7 {[%emt 0:06:16]} Bb4 {[%emt 0:03:47]} 24. Qa4 {[%emt 0:08:08]} Be7 {[%emt 0:04:00]} 25. Qb3 {[%emt 0:02:16]} Qd5 {[%emt 0:01:44]} 26. Qxd5 {[%emt 0:00:32]} exd5 {[%emt 0:00:03]} 27. Rb1 {[%emt 0:00:11]} Bc8 {[%emt 0:00:15]} 28. Rb8 {[%emt 0:02:49]} Bd7 {[%emt 0:01:06]} 29. Bxa6 {[%emt 0:05:50]} Rxb8 {[%emt 0:00:16]} 30. Bxb8 {[%emt 0:00:06]} Bc6 {[%emt 0:00:03]} 31. g4 {[%emt 0:00:27]} f6 {[%emt 0:01:01]} 32. Kg2 {[%emt 0:00:50]} Kf7 {[%emt 0:00:14]} 33. Kg3 {[%emt 0:00:24]} Bb4 {[%emt 0:00:46]} 34. h4 {[%emt 0:00:34]} g6 {[%emt 0:00:19]} 35. h5 {[%emt 0:00:15]} Be1 {[%emt 0:00:47]} 36. Bd3 {[%emt 0:00:16]} Be8 {[%emt 0:01:28]} 37. Bf4 {[%emt 0:01:51]} Ke6 {[%emt 0:00:24]} 38. h6 {[%emt 0:00:46]} Bc3 {[%emt 0:01:04]} 39. Bc2 {[%emt 0:00:14]} Bb4 {[%emt 0:01:57]} 40. Kf3 {[%emt 0:00:00]} Bf8 {[%emt 0:00:00]} 41. e4 {[%emt 0:05:27]} g5 {[%emt 0:05:17]} 42. exd5+ {[%emt 0:00:21]} Kxd5 {[%emt 0:00:04]} 43. Be3 {[%emt 0:00:07]} Kc4 {[%emt 0:02:29]} 44. Bxh7 {[%emt 0:00:29]} Bc6+ {[%emt 0:00:04]} 45. Be4 {[%emt 0:00:21]} Bd5 {[%emt 0:02:07]} 46. h7 {[%emt 0:00:09]} Bg7 {[%emt 0:00:04]} 47. Bxd5+ {[%emt 0:04:58]} Kxd5 {[%emt 0:00:06]} 48. Ke2 {[%emt 0:00:04]} f5 {[%emt 0:02:26]} 49. Bxg5 {[%emt 0:01:49]} fxg4 {[%emt 0:00:22]} 50. Kd3 {[%emt 0:00:23]} Ke6 {[%emt 0:01:29]} 51. Bf4 {[%emt 0:00:35]} Kd5 {Ke4+} 1-0

[Event "22nd ETCC Women 2019"]
[Site "Batumi"]
[Date "2019.10.24"]
[Round "1.30"]
[White "Toma, Katarzyna"]
[Black "Cosma, Elena-Luminita"]
[Result "0-1"]
[WhiteElo "2272"]
[BlackElo "2313"]
[Annotator "NA RC"]
[PlyCount "94"]
[EventDate "2019.10.24"]
[EventType "team-tourn"]
[EventCountry "GEO"]
[SourceTitle "playchess.com"]
[Source "ChessBase"]
[SourceQuality "1"]
[WhiteTeam "England"]
[BlackTeam "Romania"]
[WhiteTeamCountry "ENG"]
[BlackTeamCountry "ROU"]
[TimeControl "40/5400+30:1800+30"]

1. e4 {[%emt 0:00:00]} e6 {[%emt 0:00:00]} 2. d4 {[%emt 0:00:00]} d5 {[%emt 0:00:00]} 3. Nc3 {[%emt 0:00:00]} Nf6 {[%emt 0:00:00]} 4. e5 {[%emt 0:00:00]} Nfd7 {[%emt 0:00:00]} 5. Nce2 {[%emt 0:00:02]} c5 {[%emt 0:00:40]} 6. c3 {[%emt 0:00:07]} Nc6 {[%emt 0:00:22]} 7. Nf3 {[%emt 0:00:07]} a5 {[%emt 0:05:22]} 8. a3 {[%emt 0:02:33]} a4 {[%emt 0:05:57]} 9. Nf4 {[%emt 0:04:56]} Nb6 {[%emt 0:02:30]} 10. Be3 {[%emt 0:04:48]} cxd4 {[%emt 0:00:33]} 11. cxd4 {[%emt 0:00:06]} Na5 {[%emt 0:00:33]} 12. Nd2 {[%emt 0:01:38]} Bd7 {[%emt 0:00:55]} 13. Nh5 {[%emt 0:02:56]} Qc7 {[%emt 0:09:32]} 14. Rc1 {[%emt 0:17:33]} Bc6 {[%emt 0:03:05]} 15. Bd3 {[%emt 0:05:22]} Nac4 {[%emt 0:04:33]} 16. Rc2 {[%emt 0:17:45]} O-O-O {[%emt 0:18:30]} 17. O-O {[%emt 0:01:53]} Kb8 {[%emt 0:03:38]} 18. Qe2 {[%emt 0:03:42]} Qd7 {[%emt 0:06:50]} 19. Rfc1 {[%emt 0:04:34]} Bb5 {[%emt 0:02:25]} 20. Nb1 {[%emt 0:04:19]} Ba6 {[%emt 0:00:46]} 21. Bd2 {[%emt 0:01:14]} Rc8 {[%emt 0:04:32]} 22. Qe1 {[%emt 0:04:07]} Ka7 {[%emt 0:06:14]} 23. Ba5 {[%emt 0:03:59]} Qb5 {[%emt 0:02:53]} 24. Bxb6+ {[%emt 0:07:03]} Qxb6 {[%emt 0:00:43]} 25. Bxc4 {[%emt 0:01:45]} Rxc4 {[%emt 0:01:36]} 26. Rxc4 {[%emt 0:00:37]} Bxc4 {[%emt 0:00:07]} 27. Qc3 {[%emt 0:00:29]} g6 {[%emt 0:02:49]} 28. Nf6 {[%emt 0:00:18]} Be7 {[%emt 0:00:42]} 29. Nd2 {[%emt 0:01:46]} Rc8 {[%emt 0:01:38]} 30. Qc2 {[%emt 0:05:28]} Bxf6 {[%emt 0:03:01]} 31. Qxa4+ {[%emt 0:02:08]} Kb8 {[%emt 0:00:14]} 32. exf6 {[%emt 0:01:48]} Qxb2 {[%emt 0:00:51]} 33. Qc2 {[%emt 0:01:37]} Qxd4 {[%emt 0:00:07]} 34. h3 {[%emt 0:01:04]} Qxf6 {[%emt 0:01:13]} 35. Rb1 {[%emt 0:00:46]} Ba6 {[%emt 0:04:25]} 36. Qa4 {[%emt 0:00:16]} Ka7 {[%emt 0:00:14]} 37. Nf3 {[%emt 0:00:36]} e5 {[%emt 0:02:40]} 38. Qd7 {[%emt 0:00:37]} Rc5 {[%emt 0:03:06]} 39. Qe8 {[%emt 0:00:31]} e4 {[%emt 0:00:30]} 40. Ne5 {[%emt 0:00:00]} Qe6 {[%emt 0:00:00]} 41. Qf8 {[%emt 0:04:45]} Rc8 {[%emt 0:03:42]} 42. Qg7 {[%emt 0:03:27]} f6 {[%emt 0:06:50]} 43. Ng4 {[%emt 0:01:21]} Rc6 {[%emt 0:00:09]} 44. Qxh7 {[%emt 0:01:41]} f5 {[%emt 0:00:39]} 45. Nh2 {[%emt 0:02:08]} d4 {[%emt 0:04:39]} 46. Qg7 {[%emt 0:00:35]} Qd6 {[%emt 0:01:19]} 47. Rd1 {[%emt 0:01:45]} Be2 {[%emt 0:05:21]} 0-1

[Event "22nd ETCC Women 2019"]
[Site "Batumi"]
[Date "2019.10.24"]
[Round "1.31"]
[White "Sandu, Mihaela"]
[Black "Lauterbach, Ingrid"]
[Result "1-0"]
[WhiteElo "2260"]
[BlackElo "2078"]
[Annotator "NA"]
[PlyCount "49"]
[EventDate "2019.10.24"]
[EventType "team-tourn"]
[EventCountry "GEO"]
[SourceTitle "playchess.com"]
[Source "ChessBase"]
[SourceQuality "1"]
[WhiteTeam "Romania"]
[BlackTeam "England"]
[WhiteTeamCountry "ROU"]
[BlackTeamCountry "ENG"]
[TimeControl "40/5400+30:1800+30"]

1. e4 {[%emt 0:00:00]} g6 {[%emt 0:00:00]} 2. d4 {[%emt 0:00:00]} Bg7 {[%emt 0:00:00]} 3. Nf3 {[%emt 0:00:00]} d6 {[%emt 0:00:00]} 4. Be2 {[%emt 0:00:00]} Nd7 {[%emt 0:00:14]} 5. O-O {[%emt 0:00:46]} a6 {[%emt 0:00:39]} 6. h3 {[%emt 0:10:58]} e6 {[%emt 0:06:48]} 7. a4 {[%emt 0:04:21]} Ne7 {[%emt 0:02:34]} 8. Be3 h6 {[%emt 0:08:33]} 9. Qd2 {[%emt 0:11:53]} d5 {[%emt 0:11:32]} 10. Nc3 {[%emt 0:02:21]} dxe4 {[%emt 0:01:02]} 11. Nxe4 {[%emt 0:00:52]} Nd5 {[%emt 0:01:46]} 12. Rad1 {[%emt 0:15:16]} O-O {[%emt 0:02:11]} 13. Bxh6 {[%emt 0:02:07]} f5 {[%emt 0:00:22]} 14. Nc3 {[%emt 0:01:38]} Nxc3 {[%emt 0:01:32]} 15. bxc3 {[%emt 0:02:26]} Nf6 {[%emt 0:06:08]} 16. Bd3 {[%emt 0:08:39]} Qe8 {[%emt 0:06:13]} 17. a5 {[%emt 0:03:57]} Kh7 {[%emt 0:04:31]} 18. Bxg7 {[%emt 0:03:54]} Kxg7 {[%emt 0:00:06]} 19. Rfe1 {[%emt 0:01:49]} c6 {[%emt 0:11:54]} 20. Ng5 {[%emt 0:06:19]} Qd8 {[%emt 0:04:05]} 21. Rxe6 {[%emt 0:00:46]} Nd5 {[%emt 0:06:39]} 22. Rde1 {[%emt 0:03:16]} Qxa5 {[%emt 0:04:11]} 23. Re7+ {[%emt 0:01:40]} Nxe7 {[%emt 0:04:08]} 24. Rxe7+ {[%emt 0:00:06]} Kf6 {[%emt 0:00:46]} 25. Qe3 {[%emt 0:00:36]} 1-0

[Event "22nd ETCC Women 2019"]
[Site "Batumi"]
[Date "2019.10.24"]
[Round "1.32"]
[White "Longson, Sarah N"]
[Black "Lehaci, Miruna-Daria"]
[Result "0-1"]
[WhiteElo "2073"]
[BlackElo "2131"]
[Annotator "NA"]
[PlyCount "84"]
[EventDate "2019.10.24"]
[EventType "team-tourn"]
[EventCountry "GEO"]
[SourceTitle "playchess.com"]
[Source "ChessBase"]
[SourceQuality "1"]
[WhiteTeam "England"]
[BlackTeam "Romania"]
[WhiteTeamCountry "ENG"]
[BlackTeamCountry "ROU"]
[TimeControl "40/5400+30:1800+30"]

1. e4 {[%emt 0:00:00]} c5 {[%emt 0:00:00]} 2. Nf3 {[%emt 0:00:00]} d6 {[%emt 0:00:00]} 3. d4 {[%emt 0:00:00]} cxd4 {[%emt 0:00:00]} 4. Nxd4 {[%emt 0:00:00]} Nf6 {[%emt 0:00:00]} 5. Nc3 {[%emt 0:00:00]} a6 {[%emt 0:00:00]} 6. h3 {[%emt 0:00:02]} e6 {[%emt 0:00:00]} 7. g4 {[%emt 0:00:34]} Be7 {[%emt 0:00:00]} 8. Be3 {[%emt 0:01:07]} Nfd7 {[%emt 0:00:36]} 9. Bg2 {[%emt 0:04:12]} Nc6 {[%emt 0:00:50]} 10. O-O {[%emt 0:01:55]} g5 {[%emt 0:02:47]} 11. f4 {[%emt 0:16:05]} gxf4 {[%emt 0:00:37]} 12. Nxc6 {[%emt 0:00:16]} bxc6 {[%emt 0:00:10]} 13. Bxf4 {[%emt 0:01:20]} e5 {[%emt 0:12:25]} 14. Bh6 {[%emt 0:10:09]} Nb6 {[%emt 0:06:58]} 15. Qf3 {[%emt 0:05:25]} Be6 {[%emt 0:00:14]} 16. Rad1 {[%emt 0:02:00]} Rg8 {[%emt 0:08:26]} 17. Ne2 {[%emt 0:12:39]} Rg6 {[%emt 0:05:41]} 18. Bc1 {[%emt 0:03:55]} Rf6 {[%emt 0:03:46]} 19. Qc3 {[%emt 0:01:04]} Rxf1+ {[%emt 0:10:26]} 20. Rxf1 {[%emt 0:01:29]} Kd7 {[%emt 0:01:42]} 21. Rd1 {[%emt 0:02:48]} Kc7 {[%emt 0:01:48]} 22. Qa5 {[%emt 0:03:27]} Bg5 {[%emt 0:02:48]} 23. b3 {[%emt 0:06:51]} Bxc1 {[%emt 0:00:32]} 24. Nxc1 {[%emt 0:02:39]} Qg5 {[%emt 0:07:41]} 25. Qd2 {[%emt 0:01:10]} Qxd2 {[%emt 0:03:04]} 26. Rxd2 {[%emt 0:00:01]} a5 {[%emt 0:04:43]} 27. a4 {[%emt 0:01:10]} Rh8 {[%emt 0:06:50]} 28. Rf2 {[%emt 0:04:49]} h5 {[%emt 0:00:43]} 29. gxh5 {[%emt 0:07:40]} Rxh5 {[%emt 0:00:06]} 30. Ne2 {[%emt 0:00:41]} Rg5 {[%emt 0:02:03]} 31. Rf3 {[%emt 0:05:50]} Nd7 {[%emt 0:03:57]} 32. Ng3 {[%emt 0:01:18]} Nc5 {[%emt 0:02:28]} 33. Kf2 {[%emt 0:03:22]} d5 {[%emt 0:04:56]} 34. Rc3 {[%emt 0:01:36]} Kd6 {[%emt 0:03:23]} 35. exd5 {[%emt 0:00:18]} cxd5 {[%emt 0:00:04]} 36. h4 {[%emt 0:00:40]} Rg4 {[%emt 0:00:14]} 37. h5 {[%emt 0:00:38]} d4 {[%emt 0:02:01]} 38. Rf3 {[%emt 0:00:11]} e4 {[%emt 0:00:33]} 39. Rf6 {[%emt 0:01:17]} Ke5 {[%emt 0:03:52]} 40. Rh6 {[%emt 0:00:00]} e3+ {[%emt 0:00:00]} 41. Kf3 {[%emt 0:10:51]} Rf4+ {[%emt 0:00:52]} 42. Ke2 {[%emt 0:00:07]} Rf2+ {[%emt 0:00:03] Kxe3 dxe3} 0-1

[Event "22nd ETCC Women 2019"]
[Site "Batumi"]
[Date "2019.10.24"]
[Round "1.33"]
[White "Unuk, Laura"]
[Black "Khomeriki, Nino"]
[Result "1/2-1/2"]
[WhiteElo "2278"]
[BlackElo "2315"]
[Annotator "NA"]
[PlyCount "108"]
[EventDate "2019.10.24"]
[EventType "team-tourn"]
[EventCountry "GEO"]
[SourceTitle "playchess.com"]
[Source "ChessBase"]
[SourceQuality "1"]
[WhiteTeam "Slovenia"]
[BlackTeam "Georgia"]
[WhiteTeamCountry "SLO"]
[BlackTeamCountry "GEO"]
[TimeControl "40/5400+30:1800+30"]

1. d4 {[%emt 0:00:00]} Nf6 {[%emt 0:00:00]} 2. c4 {[%emt 0:00:00]} e6 {[%emt 0:00:00]} 3. Nf3 {[%emt 0:00:06]} d5 {[%emt 0:00:00]} 4. Nc3 {[%emt 0:00:14]} Bb4 {[%emt 0:00:10]} 5. Bg5 {[%emt 0:00:42]} dxc4 {[%emt 0:00:20]} 6. e4 {[%emt 0:00:42]} c5 {[%emt 0:00:08]} 7. e5 {[%emt 0:00:48]} cxd4 {[%emt 0:00:58]} 8. Qa4+ {[%emt 0:00:13]} Nc6 {[%emt 0:00:07]} 9. O-O-O {[%emt 0:00:06]} Bd7 {[%emt 0:02:39]} 10. Ne4 {[%emt 0:01:43]} Be7 {[%emt 0:00:10]} 11. exf6 {[%emt 0:00:19]} gxf6 {[%emt 0:00:05]} 12. Bh4 {[%emt 0:00:03]} e5 {[%emt 0:00:46]} 13. Bxc4 {[%emt 0:10:09]} O-O {[%emt 0:11:26]} 14. Kb1 {[%emt 0:02:34]} Nb4 {[%emt 0:22:17]} 15. Nxf6+ {[%emt 0:24:13]} Bxf6 {[%emt 0:00:17]} 16. Qxb4 {[%emt 0:00:04]} Bxh4 {[%emt 0:04:56]} 17. Nxe5 {[%emt 0:03:11]} Bf6 {[%emt 0:09:43]} 18. f4 {[%emt 0:05:53]} Bxe5 {[%emt 0:11:49]} 19. fxe5 {[%emt 0:00:16]} Bf5+ {[%emt 0:05:45]} 20. Ka1 {[%emt 0:04:07]} Kh8 {[%emt 0:12:35]} 21. Qd6 {[%emt 0:09:39]} Qxd6 {[%emt 0:04:15]} 22. exd6 {[%emt 0:01:09]} d3 {[%emt 0:06:09]} 23. Bxd3 {[%emt 0:06:01]} Bg4 {[%emt 0:00:13]} 24. Rd2 {[%emt 0:01:32]} Rad8 {[%emt 0:00:06]} 25. Be4 {[%emt 0:04:35]} Rd7 {[%emt 0:01:59]} 26. h3 {[%emt 0:00:18]} Be6 {[%emt 0:00:25]} 27. Bc2 {[%emt 0:04:11]} Rb8 {[%emt 0:01:00]} 28. b4 {[%emt 0:00:35]} Kg7 {[%emt 0:00:47]} 29. Kb2 {[%emt 0:01:04]} h6 {[%emt 0:00:06]} 30. Rf1 {[%emt 0:11:26]} b5 {[%emt 0:01:49]} 31. Bb3 {[%emt 0:05:06]} Bxb3 {[%emt 0:02:45]} 32. Kxb3 {[%emt 0:00:05]} Rb6 {[%emt 0:01:17]} 33. Rfd1 {[%emt 0:00:51]} Kf6 {[%emt 0:00:32]} 34. Rd5 {[%emt 0:00:30]} Ke6 {[%emt 0:00:44]} 35. Rh5 {[%emt 0:03:45]} f6 {[%emt 0:00:05]} 36. a4 {[%emt 0:00:45]} a6 {[%emt 0:01:02]} 37. Rxh6 {[%emt 0:00:58]} Rbxd6 {[%emt 0:00:31]} 38. Rxd6+ {[%emt 0:00:06]} Rxd6 {[%emt 0:00:02]} 39. axb5 {[%emt 0:00:55]} axb5 {[%emt 0:00:01]} 40. g4 {[%emt 0:00:00]} Rd3+ {[%emt 0:00:00]} 41. Kc2 {[%emt 0:00:29]} Rg3 {[%emt 0:06:24]} 42. Rh5 {[%emt 0:03:05]} Kd6 {[%emt 0:07:24]} 43. Rxb5 {[%emt 0:06:57]} Rxh3 {[%emt 0:00:07]} 44. Rf5 {[%emt 0:00:16]} Ke7 {[%emt 0:03:27]} 45. b5 {[%emt 0:10:50]} Rh4 {[%emt 0:00:10]} 46. Rf4 {[%emt 0:03:42]} f5 {[%emt 0:00:24]} 47. Rxf5 {[%emt 0:00:04]} Rxg4 {[%emt 0:00:03]} 48. Rc5 {[%emt 0:00:44]} Rg3 {[%emt 0:04:41]} 49. b6 {[%emt 0:03:01]} Kd7 {[%emt 0:04:20]} 50. b7 {[%emt 0:01:17]} Rg8 {[%emt 0:00:10]} 51. Kc3 {[%emt 0:00:09]} Rb8 {[%emt 0:00:06]} 52. Rb5 {[%emt 0:00:04]} Kc6 {[%emt 0:00:05]} 53. Kc4 {[%emt 0:00:03]} Rxb7 {[%emt 0:00:04]} 54. Rxb7 {[%emt 0:00:03]} Kxb7 1/2-1/2